000 00415 a2200145 4500
005 20250417114632.0
020 _a0-02-334550-0
082 _a657.95 EVA
100 _aEVANS, A. T.
245 _aInternational Accounting and Reporting.
260 _aNew York,
_bMacmillan,
_c1985.
300 _aXix, 412p.: ill.; figure, table
_bIndex & References
_c24cm.
700 _aTAYLOR, M. E. & HOLZMANN, O.
942 _2ddc
_cBKS
999 _c1551
_d1551